|
|
|
|
| LEADER |
01251nam a2200277 a 4500 |
| 001 |
1088353 |
| 008 |
090618s1993 nyua b 001 0 eng d |
| 010 |
|
|
|a 92027875
|
| 020 |
|
|
|a 0070387672
|
| 040 |
|
|
|a DLC
|c DLC
|d DLC
|
| 082 |
0 |
0 |
|a 658.8/34
|2 20
|
| 100 |
1 |
|
|a Loudon, David L.
|
| 245 |
1 |
0 |
|a Consumer behavior :
|b concepts and applications /
|c David L. Loudon, Albert J. Della Bitta.
|
| 250 |
|
|
|a 4th ed.
|
| 260 |
|
|
|a New York :
|b McGraw-Hill,
|c c1993.
|
| 300 |
|
|
|a xxiii, 788 p. :
|b ill. (some col.) ;
|c 27 cm.
|
| 490 |
1 |
|
|a McGraw-Hill series in marketing
|
| 504 |
|
|
|a Includes bibliographical references (p. 733-782) and index.
|
| 541 |
1 |
|
|e 00007595
|
| 650 |
|
0 |
|a Consumer behavior.
|
| 650 |
|
0 |
|a Consumer behavior
|z United States
|x Case studies.
|
| 700 |
2 |
|
|a Della Bitta, Albert J.
|
| 852 |
4 |
|
|a Ayesha Abed Library
|j General Shelf.
|
| 999 |
|
|
|c 1764
|d 1764
|
| 952 |
|
|
|0 0
|1 0
|2 ddc
|4 0
|6 658_834000000000000_LOU_1993
|7 0
|9 1615
|a BRACUL
|b BRACUL
|c GEN
|d 2009-06-29
|g 0.00
|l 6
|m 38
|o 658.834 LOU
|p 3010007595
|r 2024-06-22
|s 2024-06-02
|t 1
|w 2009-06-29
|y BK
|x No price found in the accession register.
|
| 952 |
|
|
|0 0
|1 0
|2 ddc
|4 0
|6 658_834000000000000_LOU_1993
|7 0
|9 14565
|a BRACUL
|b BRACUL
|c GEN
|d 2011-03-05
|l 3
|o 658.834 LOU
|p 3010006465
|r 2018-09-04
|s 2018-05-03
|t 2
|w 2011-03-05
|y BK
|